Filosofía del derecho : (Registro nro. 22172)

Detalles MARC
000 -Cabecera
Campo de control interno 01283nam a22002897a 4500
005 - Fecha y hora del registro
control field 20260409114053.0
008 - Elementos de Longitud Fija
fixed length control field 260401b |||||||| |||| 00| 0 spa d
020 ## - ISBN
ISBN 9788494987519
041 ## - Idioma
Codigo Idioma ESP
082 ## - DEWEY y NOTACIÓN INTERNA
Dewey 341
Notación Interna V67
100 ## - AUTOR
Autor denominación Villey, Michel
Término de relación autor
245 ## - TÍTULO DE MATERIAL BIBLIOGRÁFICO
Título Filosofía del derecho :
Título paralelo definiciones y medios del derecho
250 ## - EDICIÓN
Edición Segunda edición
260 ## - CIUDAD, EDITORIAL, AÑO
Ciudad [Lugar de publicación no identificado] :
Nombre de la Editorial Respublica,
Año 2020
300 ## - DESCRIPCIÓN
N° Páginas 376 páginas :
Dimensiones 21 cm.
440 ## - MENCIÓN DE SERIE
Título de la Serie ;
650 ## - TEMAS
Temas Ciencias Sociales
653 ## - DESCRIPTORES
Lenguajes no controlado Derecho - Filosofía
654 ## - PROGRAMAS
Programa Dpto. de Humanidades
700 ## - OTROS AUTORES
Otros autores Palomar Maldonado, Evaristo
Termino Relacionado traductor
856 ## - URL - UBICACIÓN
URI/URL: Enlace exacto del recurso <a href="https://itmsp.museknowledge.com/UCSP?url=https://research.ebsco.com/linkprocessor/plink?id=a9a37920-2529-3867-b83c-ac7c0e84a39d">https://itmsp.museknowledge.com/UCSP?url=https://research.ebsco.com/linkprocessor/plink?id=a9a37920-2529-3867-b83c-ac7c0e84a39d</a>
Nota pública: Versión digital <a href="Véase además: Filosofía del derecho, por Virgilio Ruiz Rodríguez. Versión digital">Véase además: Filosofía del derecho, por Virgilio Ruiz Rodríguez. Versión digital</a>
856 ## - URL - UBICACIÓN
URI/URL: Enlace exacto del recurso <a href="https://0u20fvrn9-y-https-research-ebsco-com.itmsp.museknowledge.com/c/qxo6us/search">https://0u20fvrn9-y-https-research-ebsco-com.itmsp.museknowledge.com/c/qxo6us/search</a>
Nota pública: Versión digital <a href="Véase además: Base de datos EBSCOhost">Véase además: Base de datos EBSCOhost</a>
856 ## - URL - UBICACIÓN
URI/URL: Enlace exacto del recurso <a href="https://0u20jvrne-y-https-www-jstor-org.itmsp.museknowledge.com/">https://0u20jvrne-y-https-www-jstor-org.itmsp.museknowledge.com/</a>
Nota pública: Versión digital <a href="Véase además: Base de datos JSTOR">Véase además: Base de datos JSTOR</a>
856 ## - URL - UBICACIÓN
URI/URL: Enlace exacto del recurso <a href="https://0u214vrnj-y-https-app-vlex-com.itmsp.museknowledge.com/">https://0u214vrnj-y-https-app-vlex-com.itmsp.museknowledge.com/</a>
Nota pública: Versión digital <a href="Véase además: Base de datos Vlex">Véase además: Base de datos Vlex</a>
942 ## - ELEMENTOS DE KOHA
Tipo de documento Libro
Nombre del creador Justo Noguera
Código de catalogador Justo Noguera
Suppress in OPAC No
Esquema de clasificación Dewey Decimal Classification
Existencias
Codigo completo Registro Colección Copia número Disponibilidad Tipo de préstamo Biblioteca Actual Procedencia (Biblioteca) Ubicacón Fecha Ingreso Tipo de Adquisición Observación Date last seen Total checkouts Price effective from Tipo de Item Estado del Material Fuente de Clasificación Damaged status Withdrawn status
341 V67 1088255 Universidad Católica San Pablo 1 No disponible Proceso Víctor Andrés Belaunde Víctor Andrés Belaunde Primer piso 01/04/2026 Compra Derecho 01/04/2026   01/04/2026 Libro Bueno Dewey Decimal Classification   Withdrawn